000
00261nam a2200097Ia 4500
001
717204
005
20250826162959.0
008
250824s9999 xx 000 0 und d
245
0
_a
NE ZAMAN KAYBETTİK
_c
AHMET KAĞAN KARABULUT
260
_b
KARATAY AKADEMİ YAYINLARI
999
_c
717204
_d
717204